000 00421nam a2200157 i 4500
001 37021
003 ES-MaACL
005 20230906155504.0
007 t|
008 030220s1907 fr ||||1| fre d
100 1 _aBrunetière, Ferdinand.
_932173
245 1 0 _aQuestions actuelles /
_cFerdinand Brunetière.
260 _aParis :
_bJ. Dumoulin,
_c1907.
300 _aXXVI, 409 p. ;
_c19 cm.
852 _aES-MaACL
_jF-8400
999 _c37021
_d37021